Martín Miguel de Güemes /
Guardado en:
| Autor Corporativo: | |
|---|---|
| Formato: | |
| Publicado: |
Argentina,
2009.
|
| Series: | Caudillos - Capítulo 4
|
| Materias: | |
| Etiquetas: |
Agregar Etiqueta
Sin Etiquetas, Sea el primero en etiquetar este registro!
|
| LEADER | 01024ngm a22002895g 4500 | ||
|---|---|---|---|
| 001 | CEM.cems023069 | ||
| 008 | 130507s2009##################0###0#####d | ||
| 005 | 20241209180547.0 | ||
| 245 | 1 | 0 | |a Martín Miguel de Güemes / |c Canal Encuentro. |
| 260 | |a Argentina, |c 2009. | ||
| 300 | |a 47'. | ||
| 490 | 0 | |a Caudillos - Capítulo 4 | |
| 500 | |a Consultar en ventanilla. | ||
| 505 | 0 | |a Su vida. Inicio de su carrera militar. Guerra de la Independencia. La guerra gaucha. Las invasiones realistas. Gobernación de Salta. El último año de Güemes. Su muerte. | |
| 538 | |a Soporte: DVD - Color: Si - Grabación DRD 2012 | ||
| 590 | |a Identificación SIABUC: DVD Nº 57 | ||
| 110 | 2 | |a Canal Encuentro. | |
| 082 | 9 | 8 | |/ CAU |
| 653 | |a HISTORIA | ||
| 653 | |a HISTORIA ARGENTINA | ||
| 653 | |a CAUDILLOS | ||
| 653 | |a GUEMES | ||
| 653 | |a GUERRAS INDEPENDENTISTAS | ||
| 653 | |a INDEPENDENCIA | ||
| 653 | |a NIVEL PRIMARIO | ||
| 653 | |a NIVEL SECUNDARIO | ||
| 859 | |a CEMS |b BIB. CEMS - Depto. Recursos Didacticos |h 982 |i CAU |k DRD |p 1712.12 |t Ej.1 | ||
